000 00436nam a2200145Ia 4500
008 100204s9999 xx 000 0 und d
082 _b17686
100 _aकाळे वैजयंती
245 _aसार्थक
260 _b"राजेंद्र पब्लिकेशन्स , पुणे 30"
_c1994
300 _a190
630 _aसार्थक
730 _aसार्थक
942 _cBOOK
999 _c462109
_d462106